Statistiques concernant The Witcher 3 : Personnages

Cliquez ici pour prendre le quiz!

Statistiques générales

  • Ce quiz a été pris 763 fois
    (742 depuis la dernière actualisation)
  • Le résultat moyen est 15 sur 39

Statistiques - réponses

IndicesRéponses% Correct
Loup BlancGeralt de Riv
98%
Enfant de la ProvidenceCirilla Fiona Elen Riannon
95%
Sorcière de VengerbergYennefer
95%
Sorcière de MariborTriss Merigold
86%
Barde dandyJaskier
82%
Vieux SorceleurVesemir
64%
Chef des druides de SkelligeSac-à-Souris
57%
Sorceleur grincheuxLambert
54%
DopplerDoudou Biberveldt
53%
Nain mercenaireZoltan Chivay
52%
Roi de la Chasse SauvageEredin
49%
Roi de RedaniaRadovid
47%
Sorceleur balafréEskel
46%
Empereur du NilfgaardEmhyr Var Emreis
42%
Chef des Stries BleusVernon Roche
39%
Les Dames de la ForêtLes Moires
36%
Chef du clan An CraiteCrach an Craite
35%
L'Assassin des RoisLetho de Guletta
34%
Vrai nom de Sigi ReuvenSigismond Dijkstra
34%
Vampire savantEmiel Regis Rohellec Terzieff-Godefroy
33%
Sorcière rebuteuseKeira Metz
32%
Sage ElfeAvallac'h
30%
Maître MiroirGaunter de Meuré
30%
Duchesse de ToussaintAnna Henrietta
27%
Guerrière Strie BleueCyn
25%
Sorcière aveuglePhillipa Eilheart
24%
Guerrière de SkelligeCerys an Craite
23%
Médecin d'OxenfurtShani
22%
Tueur de géantHjalmar an Craite
20%
Espion TemerienTalar
15%
Le Baron SanglantPhilip Strenger
14%
Bête de BeauclairDettlaff van der Eretein
12%
L'AtamanOlgierd Von Everec
12%
Princesse de ToussaintSylvia Anna ''Syanna''
12%
SurinCarlo Varese
11%
Chef de la Scoia'taelIorveth
11%
Général nilfgaardienMorvran Voorhis
9%
Le Petit BâtardCyprian Wily
8%
Roi des MendiantsFrancis Bedlam
7%

Distribution des résultats

Percentile par nombre de réponses

% des personnes avec chaque résultat

Votre développement - résultats

Vous n’avez pas pris ce quiz depuis la dernière actualisation